00394 2200157 4500245006900000250001100069100002300080650001800103650001900121005001900140260002300159041001400182084001000196300002100206336000900227 aResep Penganan yang Paling Laku DijualcKartini PublishinghText aCet. 1 aKartini Publishing aResep Makanan aResep Penganan a20241018141535 bKartini Publishing aIndonesia a641.5 a26 hlm. :cilus. atext